000 01186cam a2200241 4500
001 ABS62730
008 000000n2000 000 0 eng u
035 _a(Sirsi) u108225
100 _aSalmon, K.
245 4 _aThe enforcement of adjudicators' awards under the Housing, Grants, Construction and Regeneration Act 1996: Part 2.
260 _c2000
490 _aArbitration
_v66(3) August 2000, 185-187(3)
520 _aReviews recent court decisions on the enforcement of an adjudicator's decision under the Construction Act 1996.
590 _aABS
650 _aHOUSING GRANTS CONSTRUCTION AND REGENERATION ACT 1996
650 _aMANAGEMENT-DISPUTE AVOIDANCE, MANAGEMENT AND RESOLUTION-DISPUTE MANAGEMENT AND RESOLUTION-ALTERNATIVE DISPUTE RESOLUTION-ADJUDICATION
650 _aMANAGEMENT-DISPUTE AVOIDANCE, MANAGEMENT AND RESOLUTION-DISPUTE MANAGEMENT AND RESOLUTION-ALTERNATIVE DISPUTE RESOLUTION-ADJUDICATION-ADJUDICATION AWARDS
650 _aLATHOM CONSTRUCTION LTD V BRIAN CROSS AND ANNE CROSS
650 _aSHERWOOD AND CASSON LTD V MACKENZIE ENGINEERING LTD
650 _aBOUYGUES UK LTD V DAHL-JENSEN UK LTD
690 _aDispute resolution
_96236
942 _n0
999 _c64637
_d64637